000 00386nam a22001457a 4500
082 _aP-498
100 _aMuhammad Tariq Khan
_948258
245 _aEvaluation of collapse potential of Risalpur soil/
260 _aRisalpur:
_bMCE
_cc2012
300 _avi, 50p;
_c26cm
526 _a0
_b0
_c0
_dP_498
650 _aProject
700 _aDr. Abdul Qudoos, Lt Col
_948346
942 _2ddc
_cBK
999 _c551321
_d551321